000 00577nam a2200205Ia 4500
005 20250923145323.0
008 008 250917s9999 xx 000 0 eng d
037 _aTextual
040 _aDSWL
_beng
_cDSWL
041 _aeng
_2eng
084 _aZ(Q2), 152N75
_qDSWL
100 _aTripathi, Vijay Narain Mani
_9834047
245 0 _aHindu law
_c by Vijay Narain ManiTripathi
250 _a3rd
260 _aAllahabad
_bLaw Agency
_c1975
365 _aINR
_b14 . 40
925 _g14 . 40
942 _cTEXL
_hZ(Q2), 152N75
999 _c1449951
_d1449951